Veritas est adaequatio intellectus et rei: Untersuchungen zur Wohrheitslehre des Thomas von Aquin und zur Kritik Kants an einem uberlieferten Wahrheitsbegriff

Zapisane w:
Opis bibliograficzny
1. autor: Schulz, Gudrun (Autor)
Format: Książka
Język:angielski
Wydane: Leiden E.J.Brill 1993
Hasła przedmiotowe:
Etykiety: Dodaj etykietę
Nie ma etykietki, Dołącz pierwszą etykiete!

MARC

LEADER 00000nam a2200000 a 4500
001 UCY3054
003 CL-VaPUC
008 941209e19930000NE |||||||||||||||||eng|d
082 0 4 |a 121  |b SCH  |2 21 
100 0 |a Schulz, Gudrun  |e author  |9 331246 
245 1 0 |a Veritas est adaequatio intellectus et rei: Untersuchungen zur Wohrheitslehre des Thomas von Aquin und zur Kritik Kants an einem uberlieferten Wahrheitsbegriff 
300 |a 192 p 
942 |c BK 
945 |d 19941209 00:00:00  |a aalvarez 
260 |a Leiden  |b E.J.Brill  |c 1993 
650 0 |a Teoría del conocimiento   |9 255038 
583 |a last modification  |c 19941209 00:00:00  |k Rodrigo Vera 
999 |c 231297  |d 231295 
952 |0 0  |1 0  |4 0  |6 121_000000000000000_SCH_1993  |7 0  |8 A  |9 234366  |a BIBEDU  |b BIBEDU  |c ES_NOD  |d 2019-11-15  |i 3039560  |o 121 SCH 1993  |p 3039560  |r 2023-08-09  |w 2019-11-15  |y BK  |k FIL